Verseny és szabályozás 2010

Na minha lista:
Detalhes bibliográficos
Outros Autores: Valentiny, Pál, Kiss, Ferenc László, Nagy, Csongor István
Formato: Livro
Idioma:húngaro
Publicado em: Budapest MTA Közgazdaságtudományi Intézet 2011
Assuntos:
Tags: Adicionar Tag
Sem tags, seja o primeiro a adicionar uma tag!

MARC

LEADER 00000nam$a2200000$$$4500
001 0130439
005 20221108071443.0
020 |a 978-963-9796-09-6 
022 |a 1789-9702 
041 0 |a hun 
044 |a HU 
245 1 0 |a Verseny és szabályozás 2010  |c szerkesztette: Valentiny Pál, Kiss Ferenc László, Nagy Csongor István 
264 1 |a Budapest  |b MTA Közgazdaságtudományi Intézet  |c 2011 
300 |a 402 s. 
610 2 0 |a internet 
610 2 0 |a médiá 
610 2 0 |a informácie 
610 2 0 |a komunikácia 
610 2 0 |a trh 
610 2 0 |a Európska únia 
700 1 |a Valentiny, Pál 
700 1 |a Kiss, Ferenc László 
700 1 |a Nagy, Csongor István